<?xml version="1.0" encoding="UTF-8"?>
<record
    xmlns:xsi="http://www.w3.org/2001/XMLSchema-instance"
    xsi:schemaLocation="http://www.loc.gov/MARC21/slim http://www.loc.gov/standards/marcxml/schema/MARC21slim.xsd"
    xmlns="http://www.loc.gov/MARC21/slim">

  <leader>02071nam a2200361   4500</leader>
  <controlfield tag="001">113659</controlfield>
  <controlfield tag="003">DR-UNIBE</controlfield>
  <controlfield tag="005">20251113113627.0</controlfield>
  <controlfield tag="008">250521b2007    dr ||||| |||| 00| 0 spa d</controlfield>
  <datafield tag="020" ind1=" " ind2=" ">
    <subfield code="a">9789945161274</subfield>
  </datafield>
  <datafield tag="040" ind1=" " ind2=" ">
    <subfield code="a">BIBLIOTECA UNIBE</subfield>
    <subfield code="b">spa</subfield>
    <subfield code="c">BIBLIOTECA UNIBE</subfield>
  </datafield>
  <datafield tag="041" ind1=" " ind2=" ">
    <subfield code="a">spa</subfield>
  </datafield>
  <datafield tag="082" ind1=" " ind2=" ">
    <subfield code="2">22</subfield>
    <subfield code="a">RD 342.7293023 V164c</subfield>
  </datafield>
  <datafield tag="100" ind1="1" ind2=" ">
    <subfield code="a">Valerio Jimini&#xE1;n, Manuel Alejandro</subfield>
    <subfield code="e">autor</subfield>
    <subfield code="9">195804</subfield>
  </datafield>
  <datafield tag="245" ind1="1" ind2="0">
    <subfield code="a">Constituci&#xF3;n, democracia y ciudadan&#xED;a /</subfield>
    <subfield code="c">Manuel Alejandro Valerio Jimini&#xE1;n</subfield>
  </datafield>
  <datafield tag="260" ind1=" " ind2=" ">
    <subfield code="a">Santo Domingo :</subfield>
    <subfield code="b">Consorcio de Educaci&#xF3;n C&#xED;vica de la Rep&#xFA;blica Dominicana :</subfield>
    <subfield code="b">Pontificia Universidad Cat&#xF3;lica Madre y Maestra (PUCMM),</subfield>
    <subfield code="c">2007</subfield>
  </datafield>
  <datafield tag="300" ind1=" " ind2=" ">
    <subfield code="a">288 p&#xE1;ginas ;</subfield>
    <subfield code="c">25 cm</subfield>
  </datafield>
  <datafield tag="504" ind1=" " ind2=" ">
    <subfield code="a">Incluye bibliograf&#xED;a al final de cada cap&#xED;tulo e &#xED;ndice</subfield>
  </datafield>
  <datafield tag="505" ind1="0" ind2=" ">
    <subfield code="a">Pr&#xF3;logo |
Introducci&#xF3;n |
Unidad I. Concepto de Constituci&#xF3;n. Origen |
Unidad II. La Constituci&#xF3;n: instrumento de organizaci&#xF3;n del Estado |
Unidad III. El poder y el Estado |
Unidad IV. La reforma de la Constituci&#xF3;n |
Unidad V. Derechos y deberes fundamentales de las personas |
Unidad VI. Naci&#xF3;n, Estado y Constituci&#xF3;n |
Unidad VII. El gobierno |
Unidad VIII. El sistema pol&#xED;tico y el Estado |
Unidad IX. Partidos pol&#xED;ticos, Estado y Constituci&#xF3;n |
Unidad X. Las organizaciones y los movimientos sociales |
Unidad XI. La ciudadan&#xED;a y los valores democr&#xE1;ticos
</subfield>
  </datafield>
  <datafield tag="610" ind1="1" ind2="7">
    <subfield code="2">lemb</subfield>
    <subfield code="a">Rep&#xFA;blica Dominicana</subfield>
    <subfield code="x">Constituci&#xF3;n</subfield>
    <subfield code="9">195809</subfield>
  </datafield>
  <datafield tag="650" ind1=" " ind2="7">
    <subfield code="2">lemb</subfield>
    <subfield code="a">Democracia</subfield>
  </datafield>
  <datafield tag="650" ind1=" " ind2="7">
    <subfield code="2">lemb</subfield>
    <subfield code="a">Ciudadan&#xED;a</subfield>
  </datafield>
  <datafield tag="651" ind1=" " ind2="7">
    <subfield code="2">lemb</subfield>
    <subfield code="a">Rep&#xFA;blica Dominicana</subfield>
    <subfield code="x">Derecho constitucional</subfield>
    <subfield code="9">5535</subfield>
  </datafield>
  <datafield tag="700" ind1="1" ind2=" ">
    <subfield code="a">Sang Ben, Mu-Kien Adriana,</subfield>
    <subfield code="d">1955-</subfield>
    <subfield code="e">prologuista</subfield>
    <subfield code="e">revisor</subfield>
    <subfield code="9">13568</subfield>
  </datafield>
  <datafield tag="700" ind1="1" ind2=" ">
    <subfield code="a">Valdez, Rayza</subfield>
    <subfield code="e">revisor</subfield>
    <subfield code="9">195805</subfield>
  </datafield>
  <datafield tag="700" ind1="1" ind2=" ">
    <subfield code="a">Garc&#xED;a, Nerys</subfield>
    <subfield code="e">revisor</subfield>
    <subfield code="9">195806</subfield>
  </datafield>
  <datafield tag="700" ind1="1" ind2=" ">
    <subfield code="a">Do&#xF1;&#xE9; Corpor&#xE1;n, Susana</subfield>
    <subfield code="e">revisor</subfield>
    <subfield code="9">113760</subfield>
  </datafield>
  <datafield tag="700" ind1="1" ind2=" ">
    <subfield code="a">Pichardo de Villamil, Frida</subfield>
    <subfield code="e">revisor</subfield>
    <subfield code="9">195807</subfield>
  </datafield>
  <datafield tag="700" ind1="1" ind2=" ">
    <subfield code="a">Jorge Prats,  Eduardo,</subfield>
    <subfield code="d">1964-</subfield>
    <subfield code="e">revisor</subfield>
    <subfield code="9">8540</subfield>
  </datafield>
  <datafield tag="700" ind1="1" ind2=" ">
    <subfield code="a">Bejar&#xE1;n, Carmen</subfield>
    <subfield code="e">corrector de estilo</subfield>
    <subfield code="9">195808</subfield>
  </datafield>
  <datafield tag="700" ind1="1" ind2=" ">
    <subfield code="a">Sim&#xF3;, Eric</subfield>
    <subfield code="e">diagramador y arte final</subfield>
    <subfield code="9">31870</subfield>
  </datafield>
  <datafield tag="942" ind1=" " ind2=" ">
    <subfield code="2">ddc</subfield>
    <subfield code="c">BK</subfield>
  </datafield>
  <datafield tag="999" ind1=" " ind2=" ">
    <subfield code="c">113659</subfield>
    <subfield code="d">113659</subfield>
  </datafield>
  <datafield tag="952" ind1=" " ind2=" ">
    <subfield code="0">0</subfield>
    <subfield code="1">0</subfield>
    <subfield code="2">ddc</subfield>
    <subfield code="7">0</subfield>
    <subfield code="8">GEN-RD</subfield>
    <subfield code="a">Principal</subfield>
    <subfield code="d">2025-03-22</subfield>
    <subfield code="l">0</subfield>
    <subfield code="o">RD 342.7293023 V164c</subfield>
    <subfield code="p">250500</subfield>
    <subfield code="r">2025-05-22 14:44:03</subfield>
    <subfield code="t">Ej. 1</subfield>
    <subfield code="w">2025-05-22</subfield>
    <subfield code="y">BK</subfield>
  </datafield>
  <datafield tag="952" ind1=" " ind2=" ">
    <subfield code="0">0</subfield>
    <subfield code="1">0</subfield>
    <subfield code="2">ddc</subfield>
    <subfield code="7">0</subfield>
    <subfield code="8">GEN-RD</subfield>
    <subfield code="a">Principal</subfield>
    <subfield code="d">2025-11-13</subfield>
    <subfield code="l">0</subfield>
    <subfield code="o">RD 342.7293023 V164c</subfield>
    <subfield code="p">251120</subfield>
    <subfield code="r">2025-11-13 11:37:22</subfield>
    <subfield code="t">Ej. 2</subfield>
    <subfield code="w">2025-11-13</subfield>
    <subfield code="y">BK</subfield>
  </datafield>
</record>
